O desenvolvimento da criança (Registo nº 24435)
[ vista simples ]
| 000 -Etiqueta do registo | |
|---|---|
| Valores | 00731nam a2200217 4500 |
| 010 ## - Número ISBN | |
| ISBN | 9789896920043 |
| 090 ## - | |
| -- | 24435 |
| 100 ## - Dados gerais de processamento | |
| Dados gerais | 20120207d2011 em y0pory5003 ba |
| 200 1# - Titulo e menção de responsabilidade | |
| Título próprio | O desenvolvimento da criança |
| Informação de outro título | como pensa, aprende e cresce nos primeiros anos |
| Primeira menção de responsabilidade | Desmond Morris |
| 205 ## - Menção da edição | |
| Edição | 1ªed. |
| 210 ## - Publicação | |
| Local de publicação | Lisboa |
| Nome do editor | Arteplural |
| -- | Círculo de Leitores |
| Data de publicação | 2011 |
| 215 ## - Descrição física | |
| Paginação / Volumes | 168 p. |
| Outras indicações físicas | il. |
| Dimensões | 27 cm |
| 606 ## - Nome comum usado como assunto | |
| ID Autoridade | 617 |
| Palavra de ordem | Crianças |
| Subdivisão assunto | Desenvolvimento |
| 606 ## - Nome comum usado como assunto | |
| ID Autoridade | 621 |
| Palavra de ordem | Crianças |
| Subdivisão assunto | Psicologia |
| 675 ## - CDU | |
| Notação | 159.922 |
| -- | 613 |
| 700 ## - Autor principal (pessoa individual) | |
| Apelido | Morris |
| Nome | Desmond |
| Datas | 1928- |
| ID Autoridade | 503 |
| 702 ## - Autor secundário (pessoa individual) | |
| Apelido | Margarido |
| Nome | Graça |
| ID Autoridade | 504 |
| 801 #0 - Fonte de origem | |
| País | PT |
| Agência | BN |
| Regras de catalogação | RPC |
| 856 41 - Localização e acesso electrónico | |
| URL | <a href="http://rnod.bn.pt/ImagesBN/winlibimg.aspx?skey=&doc=1802652&img=5940&save=true">http://rnod.bn.pt/ImagesBN/winlibimg.aspx?skey=&doc=1802652&img=5940&save=true</a> |
| 990 ## - Elementos KOHA | |
| Tipo de documento | Livro |
| Situação do levantamento | Estado | Biblioteca de origem | Biblioteca de empréstimo | Código de barras | Cota | Permissão de empréstimo | Tipo de documento |
|---|---|---|---|---|---|---|---|
| Completo | Biblioteca Municipal de Viana Do Alentejo | Biblioteca Municipal de Viana Do Alentejo | 0031035 | 159.9 MOR | Disponível | Livro |